Sociolinguistics
Guardat en:
| Autor principal: | |
|---|---|
| Format: | Llibre |
| Idioma: | anglès |
| Publicat: |
Oxford
Oxford University
1998
|
| Col·lecció: | Oxford Introductions to Language Study
|
| Matèries: | |
| Etiquetes: |
Afegir etiqueta
Sense etiquetes, Sigues el primer a etiquetar aquest registre!
|
MARC
| LEADER | 00000nam a2200000 a 4500 | ||
|---|---|---|---|
| 001 | UCN1782 | ||
| 003 | CL-VaPUC | ||
| 008 | 010504e19980000UK |||||||||||||||||eng|d | ||
| 082 | 0 | 4 | |a 410 |b SPO |2 21 |
| 100 | 0 | |a Spolsky, Bernard |e author |9 457120 | |
| 245 | 1 | 0 | |a Sociolinguistics |
| 300 | |a 128 p | ||
| 942 | |c BK | ||
| 945 | |d 20010504 00:00:00 |a vberengu | ||
| 260 | |a Oxford |b Oxford University |c 1998 | ||
| 650 | 0 | |a Lingüística |9 265068 | |
| 650 | 0 | |a Investigación lingüística |9 329785 | |
| 650 | 0 | |a Sociolingüística |9 263716 | |
| 650 | 0 | |a Análisis lingüístico |9 314711 | |
| 583 | |a last modification |c 20010504 00:00:00 |k Rodrigo Vera | ||
| 490 | 0 | |a Oxford Introductions to Language Study | |
| 999 | |c 295011 |d 295009 | ||
| 952 | |0 0 |1 0 |4 0 |6 410_000000000000000_SPO_1998 |7 0 |8 A |9 347848 |a FDOPOS |b FDOPOS |d 2019-11-20 |i 3719308 |o 410 SPO 1998 |p 3719308 |r 2025-01-22 |w 2019-11-20 |y BK |k MLA | ||